Personnages les plus cités dans la Trilogie de Fleurville - Statistiques

Statistiques générales
  • Ce quiz a été pris 80 fois
  • Le résultat moyen est 10 sur 15
Statistiques - réponses
Mentions Personnages % Correct
1631 Sophie de Réan
97%
781 Paul d'Aubert
90%
220 Ginette de Fleurville
85%
605 Camille de Fleurville
81%
456 Madeleine de Fleurville
81%
817 Marguerite de Rosbourg
78%
196 Jean de Traypi
75%
109 Evelyne de Réan
66%
79 Fédora Fichini
66%
175 Chantal de Rosbourg
63%
280 Léon de Traypi
60%
159 Monsieur de Rosbourg
43%
242 Elisa
32%
242 Jacques de Traypi
26%
154 M. Lecomte "Le Normand"
13%
Aucun quiz correspondant
Distribution des résultats
% des personnes avec chaque résultat
Percentile par nombre de réponses
Votre historique - résultats
Vous n’avez pas pris ce quiz